Historia de España musulmana

שמור ב:
מידע ביבליוגרפי
מחבר ראשי: Chejne, Anwar G (Author)
פורמט: ספר
שפה:ספרדית
יצא לאור: Madrid, España Cátedra 1974
נושאים:
תגים: הוספת תג
אין תגיות, היה/י הראשונ/ה לתייג את הרשומה!

MARC

LEADER 00000nam a2200000 a 4500
001 UCO0948
003 CL-VaPUC
005 20220222074029.0
008 000428e19740000SP |||||||||||||||||spa|d
999 |c 287584  |d 287582 
040 |c Pontificia Universidad Católica de Valparaíso 
082 0 4 |a 946.02 CHE 1974  |2 21 
100 0 |a Chejne, Anwar G  |e author  |9 442607 
245 1 0 |a Historia de España musulmana 
260 |a Madrid, España  |b Cátedra  |c 1974 
300 |a 432 páginas 
583 |a last modification  |c 20170911 03:51:59  |k Rodrigo Vera 
650 0 |a Historia de España  |9 315435 
650 0 |a Musulmanes  |z ESPAÑA  |9 332296 
650 7 |a MORISCOS  |2 CL-VaPUC  |9 268471  |z ESPAÑA 
650 0 |a Clases sociales  |z ESPAÑA  |9 256858 
942 |c BK  |2 ddc 
945 |d 20000428 00:00:00  |a rherrera 
952 |0 0  |1 0  |2 ddc  |4 0  |6 946_020000000000000_CHE_1974  |7 0  |8 A  |9 334502  |a BIBHIS  |b BIBHIS  |d 2019-11-20  |i 1268449  |o 946.02 CHE 1974  |p 1268449  |r 2025-01-20  |t 1  |w 2019-11-20  |y BK  |k HIS 
952 |0 0  |1 0  |2 ddc  |4 0  |6 946_020000000000000_CHE_1974  |7 0  |8 A  |9 334503  |a BIBHIS  |b BIBHIS  |d 2019-11-20  |i 1268430  |o 946.02 CHE 1974  |p 1268430  |r 2025-01-20  |t 2  |w 2019-11-20  |y BK  |k HIS